Countries with the Most Subscribed Youtubers - Statistics

General Stats
  • This quiz has been taken 118 times
  • The average score is 9 of 14
Answer Stats
# Answer % Correct
32 United States
100%
6 United Kingdom
95%
3 Canada
88%
2 Mexico
86%
1 France
83%
1 Sweden
79%
2 Spain
78%
1 Brazil
73%
1 India
72%
1 Ireland
59%
1 Netherlands
51%
2 Chile
46%
1 Ecuador
11%
1 El Salvador
4%
No matching quizzes found
Score Distribution
Percent of People with Each Score
Percentile by Number Answered
Your Score History
You have not taken this quiz